01015nam a22002177a 450000500170000000800410001704000250005804100080008304400070009110000390009824501380013726000430027530000430031852001880036165000310054965000330058065000090061365000190062270000310064177301250067220180803170130.0150627b2006 ck |||||r|||| 00| 0 spa d aCO-BoIAVHcCO-BoIAVH aspa ack1 aVelásquez-Tibatá, Jorge Iván10aAnálisis de omisiones y prioridades de conservación para los loros amenazados de Colombia.cJorve Velasquez-Tibatá ... [et al]. aBogotá:bFundación Proaves,c2006. aAño 2006, Nro 1, Octubre, Pag. 58-66 aEn este estudio se evalúa la representatividad de los loros amenazados de Colombia en el sistema de áreas protegidas y se identifican áreas prioritarias para su conservación.1 aLoros amenazadoszColombia1 aÁreas protegidaszColombia1 aGARP1 aConservación1 aLópez-Arévalo, Hugo F.0 bAño 2006, Nro 1, OctubredBogotá : Fundación ProAves, 2006-o038445tRevista Conservación Colombianax19001592